00851nam a22001817a 4500020001800000082001700018100007100035245007800106250000800184260003300192300001400225942000700239999001900246952010100265952010100366952010100467952010100568 a9780470889084 a620.0011 KAR aKarnopp, Dean C , Margolis, Donald L , Rosenberg, Ronald C960963 aSystem dynamics , modeling, simulation, and control of mechatronic system a5TH aUSAbJOHN WILEY & SONSc2012 aXII, 636P cBK c576602d576602 00104070aCEMEbCEMEcGENd2017-08-16l0o620.0011 KARpCEME-49139r2021-06-28w2021-06-28yBK 00104070aCEMEbCEMEcGENd2017-08-16l0o620.0011 KARpCEME-49140r2021-06-28w2021-06-28yBK 00104070aCEMEbCEMEcGENd2017-08-16l0o620.0011 KARpCEME-49141r2021-06-28w2021-06-28yBK 00104070aCEMEbCEMEcGENd2017-08-16l0o620.0011 KARpCEME-49142r2021-06-28w2021-06-28yBK